La Via Del Tabacco

Saved in:
书目详细资料
主要作者: Erskine Caldwell
格式: 图书
语言:Undetermined
出版: Mondatori
标签: 添加标签
没有标签, 成为第一个标记此记录!

MARC

LEADER 00000nam a2200000Ia 4500
001 R-1855
003 CODICE-MESSINA
005 20260212102523.0
008 260211s9999 xx 000 0 und d
040 |c importazione_messina 
100 |a Erskine Caldwell 
245 0 |a La Via Del Tabacco 
260 |b Mondatori 
942 |2 ddc  |c BK 
952 |0 0  |1 0  |2 ddc  |4 0  |6 SCAFFALE_19_000000000000000__STANZA_2__ROMANZI  |7 0  |9 32695  |a ME  |b ME  |d 2026-02-11  |l 0  |o SCAFFALE 19 - STANZA 2 - ROMANZI  |p R-1855  |r 2026-02-11 23:53:20  |w 2026-02-11  |x [REVISIONARE]  |y BK 
999 |c 28362  |d 28362